Hidruros Progenitores - Estadísticas

Estadísticas generales
  • Esta prueba ha sido intentada 13 veces
  • La puntuación promedio es 16 de 25
Estadísticas de respuestas
Hint Respuesta % Correcto
B Borano
100%
Ga Galano
100%
Cl Clorano
89%
At Astatano
78%
Br Bromano
78%
F Fluorano
78%
P Fosfano
78%
S Sulfano
78%
Al Alumano
67%
As Arsano
67%
Bi Bismutano
67%
C Metano
67%
Si Silano
67%
Tl Talano
67%
I Yodano
67%
N Azano
56%
Ge Germano
56%
O Oxidano
56%
Pb Plumbano
56%
Se Selano
56%
Te Telano
56%
Sn Estannano
44%
Sb Estibano
44%
Po Polano
44%
In Indigano
22%
No se encontraron pruebas coincidentes
Distribución de puntuación
Porcentaje de gente con cada puntuación
Porcentaje por número respondido
Historial de tus puntuaciones
No has intentado esta prueba.